<?xml version="1.0" encoding="UTF-8"?>
<record
    xmlns:xsi="http://www.w3.org/2001/XMLSchema-instance"
    xsi:schemaLocation="http://www.loc.gov/MARC21/slim http://www.loc.gov/standards/marcxml/schema/MARC21slim.xsd"
    xmlns="http://www.loc.gov/MARC21/slim">

  <leader>01906nam0a2200373   4500</leader>
  <controlfield tag="001">RU\NLR\bibl\1330220</controlfield>
  <controlfield tag="005">20250615163554.0</controlfield>
  <datafield tag="010" ind1=" " ind2=" ">
    <subfield code="a">978-5-16-003492-8</subfield>
    <subfield code="9">1700</subfield>
  </datafield>
  <datafield tag="021" ind1=" " ind2=" ">
    <subfield code="a">RU</subfield>
    <subfield code="b">2008-99842</subfield>
    <subfield code="9">5870</subfield>
  </datafield>
  <datafield tag="035" ind1=" " ind2=" ">
    <subfield code="a">(nilc)EL/0000231296</subfield>
  </datafield>
  <datafield tag="035" ind1=" " ind2=" ">
    <subfield code="a">ROSTOV\BIBL\0000117732</subfield>
  </datafield>
  <datafield tag="035" ind1=" " ind2=" ">
    <subfield code="a">RSL-KNO-004159278</subfield>
  </datafield>
  <datafield tag="035" ind1=" " ind2=" ">
    <subfield code="a">(NLR Aleph) 001315457</subfield>
  </datafield>
  <datafield tag="090" ind1=" " ind2=" ">
    <subfield code="a">706218</subfield>
    <subfield code="c">706218</subfield>
  </datafield>
  <datafield tag="100" ind1=" " ind2=" ">
    <subfield code="a">20081124d2008    |||y0rusy50      ca</subfield>
  </datafield>
  <datafield tag="101" ind1="0" ind2=" ">
    <subfield code="a">rus</subfield>
  </datafield>
  <datafield tag="102" ind1=" " ind2=" ">
    <subfield code="a">RU</subfield>
  </datafield>
  <datafield tag="105" ind1=" " ind2=" ">
    <subfield code="a">y   |||||||||</subfield>
  </datafield>
  <datafield tag="106" ind1=" " ind2=" ">
    <subfield code="a">r</subfield>
  </datafield>
  <datafield tag="200" ind1="1" ind2=" ">
    <subfield code="a">&#x41A;&#x432;&#x430;&#x43B;&#x438;&#x444;&#x438;&#x43A;&#x430;&#x446;&#x438;&#x43E;&#x43D;&#x43D;&#x44B;&#x439; &#x441;&#x43F;&#x440;&#x430;&#x432;&#x43E;&#x447;&#x43D;&#x438;&#x43A; &#x434;&#x43E;&#x43B;&#x436;&#x43D;&#x43E;&#x441;&#x442;&#x435;&#x439; &#x440;&#x443;&#x43A;&#x43E;&#x432;&#x43E;&#x434;&#x438;&#x442;&#x435;&#x43B;&#x435;&#x439;, &#x441;&#x43F;&#x435;&#x446;&#x438;&#x430;&#x43B;&#x438;&#x441;&#x442;&#x43E;&#x432; &#x438; &#x434;&#x440;&#x443;&#x433;&#x438;&#x445; &#x441;&#x43B;&#x443;&#x436;&#x430;&#x449;&#x438;&#x445;</subfield>
    <subfield code="e">[&#x441; &#x438;&#x437;&#x43C;&#x435;&#x43D;&#x435;&#x43D;&#x438;&#x44F;&#x43C;&#x438; &#x43E;&#x442; 21 &#x44F;&#x43D;&#x432;&#x430;&#x440;&#x44F; 2000 &#x433;&#x43E;&#x434;&#x430; &#x2116; 7, &#x43E;&#x442; 4 &#x430;&#x432;&#x433;&#x443;&#x441;&#x442;&#x430; 2000 &#x433;&#x43E;&#x434;&#x430; &#x2116; 57, &#x43E;&#x442; 20 &#x430;&#x43F;&#x440;&#x435;&#x43B;&#x44F; 2001 &#x433;&#x43E;&#x434;&#x430; &#x2116; 35, &#x43E;&#x442; 31 &#x43C;&#x430;&#x44F; 2002 &#x433;&#x43E;&#x434;&#x430; &#x2116; 38, &#x43E;&#x442; 20 &#x438;&#x44E;&#x43D;&#x44F; 2002 &#x433;&#x43E;&#x434;&#x430; &#x2116; 44, &#x43E;&#x442; 12 &#x43D;&#x43E;&#x44F;&#x431;&#x440;&#x44F; 2003 &#x433;&#x43E;&#x434;&#x430; &#x2116; 75, &#x43E;&#x442; 25 &#x438;&#x44E;&#x43B;&#x44F; 2005 &#x433;&#x43E;&#x434;&#x430; &#x2116; 461, &#x43E;&#x442; 7 &#x43D;&#x43E;&#x44F;&#x431;&#x440;&#x44F; 2006 &#x433;&#x43E;&#x434;&#x430; &#x2116; 749, &#x43E;&#x442; 17 &#x441;&#x435;&#x43D;&#x442;&#x44F;&#x431;&#x440;&#x44F; 2007 &#x433;&#x43E;&#x434;&#x430; &#x2116; 605, &#x43E;&#x442; 29 &#x430;&#x43F;&#x440;&#x435;&#x43B;&#x44F; 2008 &#x433;&#x43E;&#x434;&#x430; &#x2116; 200]</subfield>
  </datafield>
  <datafield tag="210" ind1=" " ind2=" ">
    <subfield code="a">&#x41C;&#x43E;&#x441;&#x43A;&#x432;&#x430;</subfield>
    <subfield code="c">&#x418;&#x41D;&#x424;&#x420;&#x410;-&#x41C;</subfield>
    <subfield code="d">2008</subfield>
  </datafield>
  <datafield tag="215" ind1=" " ind2=" ">
    <subfield code="a">331 &#x441;.</subfield>
    <subfield code="d">21</subfield>
  </datafield>
  <datafield tag="225" ind1="1" ind2=" ">
    <subfield code="a">&#x411;&#x438;&#x431;&#x43B;&#x438;&#x43E;&#x442;&#x435;&#x43A;&#x430; &#x436;&#x443;&#x440;&#x43D;&#x430;&#x43B;&#x430; "&#x422;&#x440;&#x443;&#x434;&#x43E;&#x432;&#x43E;&#x435; &#x43F;&#x440;&#x430;&#x432;&#x43E; &#x420;&#x43E;&#x441;&#x441;&#x438;&#x439;&#x441;&#x43A;&#x43E;&#x439; &#x424;&#x435;&#x434;&#x435;&#x440;&#x430;&#x446;&#x438;&#x438;"</subfield>
    <subfield code="v">&#x432;&#x44B;&#x43F;. 8 (164)</subfield>
  </datafield>
  <datafield tag="606" ind1="1" ind2=" ">
    <subfield code="a">&#x421;&#x43B;&#x443;&#x436;&#x430;&#x449;&#x438;&#x435;</subfield>
    <subfield code="j">&#x41A;&#x432;&#x430;&#x43B;&#x438;&#x444;&#x438;&#x43A;&#x430;&#x446;&#x438;&#x43E;&#x43D;&#x43D;&#x43E;-&#x442;&#x430;&#x440;&#x438;&#x444;&#x43D;&#x44B;&#x435; &#x441;&#x43F;&#x440;&#x430;&#x432;&#x43E;&#x447;&#x43D;&#x438;&#x43A;&#x438;</subfield>
    <subfield code="x">&#x414;&#x43E;&#x43B;&#x436;&#x43D;&#x43E;&#x441;&#x442;&#x438;</subfield>
    <subfield code="y">&#x420;&#x43E;&#x441;&#x441;&#x438;&#x439;&#x441;&#x43A;&#x430;&#x44F; &#x424;&#x435;&#x434;&#x435;&#x440;&#x430;&#x446;&#x438;&#x44F;</subfield>
    <subfield code="9">2142945</subfield>
    <subfield code="3">RU\NLR\auth\661291391</subfield>
  </datafield>
  <datafield tag="686" ind1=" " ind2=" ">
    <subfield code="a">&#x423;9(2)240.3&#x44F;2</subfield>
    <subfield code="2">rubbk</subfield>
  </datafield>
  <datafield tag="686" ind1=" " ind2=" ">
    <subfield code="a">&#x423;24(2)920.12&#x44F;27</subfield>
  </datafield>
  <datafield tag="686" ind1=" " ind2=" ">
    <subfield code="a">&#x423;24(2)56&#x44F;27</subfield>
  </datafield>
  <datafield tag="801" ind1=" " ind2="0">
    <subfield code="a">RU</subfield>
    <subfield code="b">&#x414;&#x43E;&#x43D;&#x441;&#x43A;&#x430;&#x44F; &#x413;&#x41F;&#x411;</subfield>
    <subfield code="c">20081124</subfield>
    <subfield code="g">rcr</subfield>
  </datafield>
  <datafield tag="801" ind1=" " ind2="1">
    <subfield code="a">RU</subfield>
    <subfield code="b">&#x414;&#x43E;&#x43D;&#x441;&#x43A;&#x430;&#x44F; &#x413;&#x41F;&#x411;</subfield>
    <subfield code="c">20081124</subfield>
    <subfield code="2">rusmarc</subfield>
  </datafield>
  <datafield tag="801" ind1=" " ind2="2">
    <subfield code="a">RU</subfield>
    <subfield code="b">NLR</subfield>
    <subfield code="c">20090217</subfield>
    <subfield code="g">rcr</subfield>
  </datafield>
  <datafield tag="830" ind1=" " ind2=" ">
    <subfield code="a">&#x411;&#x438;&#x431;&#x43B;&#x438;&#x43E;&#x433;&#x440;&#x430;&#x444; &#x413;&#x430;&#x432;&#x440;&#x438;&#x43B;&#x43E;&#x432;&#x430;</subfield>
  </datafield>
  <datafield tag="942" ind1=" " ind2=" ">
    <subfield code="c">BOOK</subfield>
  </datafield>
  <datafield tag="980" ind1=" " ind2=" ">
    <subfield code="a">NB</subfield>
  </datafield>
  <datafield tag="995" ind1=" " ind2=" ">
    <subfield code="5">2009-02-17</subfield>
    <subfield code="a">ad</subfield>
    <subfield code="b">NLR01</subfield>
    <subfield code="c">NLR01</subfield>
    <subfield code="e">RF9</subfield>
    <subfield code="f">2853940</subfield>
    <subfield code="k">2009-3/4345</subfield>
    <subfield code="o">0</subfield>
    <subfield code="r">BOOK</subfield>
    <subfield code="s">200934345_</subfield>
  </datafield>
  <datafield tag="995" ind1=" " ind2=" ">
    <subfield code="5">2009-02-17</subfield>
    <subfield code="a">ad</subfield>
    <subfield code="b">NLR01</subfield>
    <subfield code="c">NLR01</subfield>
    <subfield code="e">RF9</subfield>
    <subfield code="f">2853943</subfield>
    <subfield code="k">2009-3/4345</subfield>
    <subfield code="o">0</subfield>
    <subfield code="r">BOOK</subfield>
    <subfield code="s">200934345_</subfield>
  </datafield>
</record>
